Eurowizja - Statystyki

Ogólne statystyki
  • Ten quiz został rozwiązany 72 razy
  • Średni wynik to 7 z 8
Statystyki odpowiedzi
Hint Odpowiedź % Poprawnych
Ile lat miał najmłodszy uczestnik Eurowizji 2025 19
98%
W którym rok EurowizjaZostała odwołana 2020
98%
Kto wygrał Eurowizję2024(Jakie państwo Szwajcaria
95%
Kto wygrał Eurowizję 2025(Jakie państwo) Austria
93%
Wymień jedno państwo z wielkiejPiątki Wielka Brytania/Włochy/Niemcy/Hiszpania/Francja
93%
Ile państw brało udział w Tegorocznej Eurowizji 37
90%
Kiedy odbył się pierwszy konkurs Piosenka Eurowizji (w którym roku) 1956
85%
Kto nim był Kyle Alessandro
66%
Nie znaleziono quizów pasujących do podanych kryteriów
Rozkład punktacji
Procent ludzi z każdym wynikiem
Percentyl według liczby udzielonych odpowiedzi
Twoja historia wyników
Nie rozwiązałeś tego quizu